Baníctvo na Slovensku a v Rumunsku v 15. až 18. storočí /
Uloženo v:
| Hlavní autoři: | , |
|---|---|
| Médium: | Kniha |
| Jazyk: | slovenština rumunština |
| Vydáno: |
Banská Bystrica :
Múzeum Slovenského národného povstania,
2018
|
| Vydání: | 1. vyd. |
| Témata: | |
| ISBN: | 9788089514526 |
| On-line přístup: |
|
| Tagy: |
Přidat tag
Žádné tagy, Buďte první, kdo vytvoří štítek k tomuto záznamu!
|
MARC
| LEADER | 00000nam a2200000 4500 | ||
|---|---|---|---|
| 003 | SK-BrCVT | ||
| 005 | 20220621183235.0 | ||
| 006 | aacbhe 001 0d | ||
| 008 | 190107s2018 xo acbhe 001 0dslo#d | ||
| 020 | |a 9788089514526 |q (brož.) | ||
| 035 | |a CVTIDW0068864 | ||
| 040 | |a SNK |b slo |c SVKBB |e rda |d CVTI SR | ||
| 041 | 1 | |h slo |a slo |a rum |b eng | |
| 044 | |a xo |c SK | ||
| 080 | |a 622(437.6) |2 2008 | ||
| 100 | 1 | |a Mârza, Eva, |d 1948- |4 aut | |
| 245 | 1 | 0 | |a Baníctvo na Slovensku a v Rumunsku v 15. až 18. storočí / |c Eva Mȃrza, Marek Syrný et al. |
| 246 | 1 | 1 | |a Mineritul ȋn Slovacia și Romȃnia in secolele XV - XVIII |
| 250 | |a 1. vyd. | ||
| 260 | |a Banská Bystrica : |b Múzeum Slovenského národného povstania, |c 2018 | ||
| 300 | |a 175, 184 s. : |b grafy, lit., mapy, obr., tab. ; |c 23 cm | ||
| 500 | |a Vydali: Komisia historikov Slovenska a Rumunska v spolupráci s Múzeom Slovenského národného povstania v Banskej Bystrici a Národnou bankou Slovenska - Múzeom mincí a medailí v Kremnici | ||
| 500 | |a Nad názvom: Akadémia Rumunska - Slovenská akadémia vied | ||
| 500 | |a Tlačené zvratmo | ||
| 504 | |a Bibliografické odkazy a poznámky ; menný register | ||
| 648 | 7 | |a 15.-18. storočie |2 SNKPH | |
| 648 | 7 | |a 15th-18th centuries |2 SNKPHeng | |
| 650 | 0 | |a baníctvo |2 SNKPH | |
| 650 | 0 | 7 | |a Mining |2 SNKPHeng |
| 650 | 0 | 7 | |a dejiny baníctva |2 SNKPH |
| 650 | 0 | 7 | |a Montana history |2 SNKPHeng |
| 651 | 7 | |a Slovenská republika |2 CVTISR | |
| 653 | 1 | |a baníctvo | |
| 655 | 7 | |a odborné publikácie |2 SNKPH | |
| 655 | 7 | |a dvojjazyčné vydania |2 SNKPH | |
| 655 | 7 | |a Collective monographs |2 SNKPHeng | |
| 655 | 7 | |a Bilingual editions |2 SNKPHeng | |
| 700 | 1 | |a Syrný, Marek, |d 1977- |4 aut | |
| 852 | |a CVTISR |b 1 | ||
| 901 | |a 1 Slovenská národná knižnica Martin (SNK) |b 20190107091359 |d clas01 |u z3950.snk.sk:1111 |i vtls011830235 |m 20181219112500.0 | ||
| 910 | |b A627105 | ||
| 919 | |a 978-80-89514-52-6 | ||
| 959 | |a 35 | ||
| 974 | |a katarina.repata |f Knihy | ||
| 992 | |a AMG | ||
| 992 | |a AZN | ||
| 999 | |c 263516 |d 263516 | ||

